000
00332 a2200145 4500
001
169939
020
_a
040
_c
Magnum
100
_a
Bireaud, Annie
240
1
0
_a
Os metodos pedagogicos no ensino superior
_l
por
245
1
0
_a
Os metodos pedagogicos no ensino superior
362
0
_a
1899
697
_a
ENSINO
942
_c
BK
999
_c
169939
_d
169939